banner koha

Vegetação vascular litorânea da Lagoa de Jacarepiá, Saquarema, Rio de Janeiro, Brasil (Registro n. 328499)

MARC details
000 -LÍDER
fixed length control field 03909nab a2200241 i 4500
003 - CÓDIGO MARC DA AGÊNCIA CATALOGADORA
Campo de controle BR-BrBNA
005 - DATA E HORA DA ÚLTIMA ATUALIZAÇÃO
Campo de controle 20241107145811.0
008 - CAMPO DE TAMANHO FIXO
fixed length control field 241107b2009 bl.qr|pooa||| 00| 0 por |
040 ## - FONTE DA CATALOGAÇÃO
Agência catalogadora BR-BrBNA
Idioma da catalogação por
072 ## - CATEGORIA AGRIS
Código AGRIS F70
100 ## - ENTRADA PRINCIPAL - NOME PESSOAL
Nome pessoal Barros, Ana Angélica Monteiro de
245 ## - TÍTULO PRINCIPAL
Título principal Vegetação vascular litorânea da Lagoa de Jacarepiá, Saquarema, Rio de Janeiro, Brasil
500 ## - NOTA GERAL
Nota geral Publicação on-line; Bibliography p. 107-110 (58 ref.); 2 tables; 3 illus.; Summaries (En, Pt)
942 ## - ADDED ENTRY ELEMENTS (KOHA)
Koha item type Analítica
520 ## - NOTA DE RESUMO
Nota de conteúdo <br/>RESUMO<br/><br/>(Vegetação vascular litorânea da Lagoa de Jacarepiá, Saquarema, Rio de Janeiro, Brasil) Esse trabalho referese <br/>ao levantamento florístico realizado na região litorânea da Lagoa de Jacarepiá, localizada no município de<br/>Saquarema, RJ. Essa área alagada representa um importante compartimento lagunar ocupado por vegetação<br/>sujeita a inundações permanentes ou temporárias. As plantas adaptadas a esse tipo de ambiente são<br/>denominadas macrófitas aquáticas e têm um papel relevante na dinâmica ecológica desse ecossistema. Plantas<br/>férteis foram coletadas, herborizadas e identificadas através da metodologia tradicional. As exsicatas foram<br/>depositadas nos Herbários RFA e RFFP. Foram registradas 101 espécies vasculares, sendo 93 espécies<br/>pertencentes a 78 gêneros e 40 famílias de Magnoliophyta e 8 espécies de Pteridophyta com 7 gêneros e 5<br/>famílias. Destacam-se as famílias Cyperaceae (16 spp.), Asteraceae (13 spp.), Leguminosae (8 spp.), Poaceae<br/>(6 spp.) e Rubiaceae (5 spp.), correspondendo a 47,5% das espécies levantadas. A vegetação apresenta uma<br/>fitofisionomia dominada por Cladium jamaicense Crantz. Apenas 43,6% das espécies são exclusivamente<br/>macrófitas aquáticas. A forma biológica predominante é a anfíbia (48%), seguida de tolerante (30%), emergentes<br/>(15%), flutuantes fixas (4%), flutuantes livres (3%) e submersa livre (1%).<br/><br/>Palavras-chave: restinga, área alagada, florística, plantas aquáticas.
520 ## - NOTA DE RESUMO
Nota de conteúdo <br/>RESUMO<br/><br/>(Vegetação vascular litorânea da Lagoa de Jacarepiá, Saquarema, Rio de Janeiro, Brasil) Esse trabalho referese <br/>ao levantamento florístico realizado na região litorânea da Lagoa de Jacarepiá, localizada no município de<br/>Saquarema, RJ. Essa área alagada representa um importante compartimento lagunar ocupado por vegetação<br/>sujeita a inundações permanentes ou temporárias. As plantas adaptadas a esse tipo de ambiente são<br/>denominadas macrófitas aquáticas e têm um papel relevante na dinâmica ecológica desse ecossistema. Plantas<br/>férteis foram coletadas, herborizadas e identificadas através da metodologia tradicional. As exsicatas foram<br/>depositadas nos Herbários RFA e RFFP. Foram registradas 101 espécies vasculares, sendo 93 espécies<br/>pertencentes a 78 gêneros e 40 famílias de Magnoliophyta e 8 espécies de Pteridophyta com 7 gêneros e 5<br/>famílias. Destacam-se as famílias Cyperaceae (16 spp.), Asteraceae (13 spp.), Leguminosae (8 spp.), Poaceae<br/>(6 spp.) e Rubiaceae (5 spp.), correspondendo a 47,5% das espécies levantadas. A vegetação apresenta uma<br/>fitofisionomia dominada por Cladium jamaicense Crantz. Apenas 43,6% das espécies são exclusivamente<br/>macrófitas aquáticas. A forma biológica predominante é a anfíbia (48%), seguida de tolerante (30%), emergentes<br/>(15%), flutuantes fixas (4%), flutuantes livres (3%) e submersa livre (1%).<br/><br/>Palavras-chave: restinga, área alagada, florística, plantas aquáticas.
650 ## - ASSUNTO - THESAGRO
Cabeçalho tópico ou nome geográfico RESTINGA
650 ## - ASSUNTO - THESAGRO
Cabeçalho tópico ou nome geográfico COMPOSIÇÃO BOTÂNICA
650 ## - ASSUNTO - THESAGRO
Cabeçalho tópico ou nome geográfico PLANTA AQUÁTICA
773 0# - ENTRADA ANALÍTICA
Host Biblionumber 709
Registro do item 346098
Imprenta Rio de Janeiro-RJ Jardim Botanico do Rio de Janeiro 1935
Outro identificador 2024-6745
Título Rodriguésia (Brazil)
ISSN 0370-6583; 2175-7860 on-line
Colação v. 60(1) p. 097-110; (2009)
Número de controle de registro BR2024003328
856 ## - ACESSO E ENDEREÇO ELETRÔNICO
Identificador uniforme de recurso - URI https://www.scielo.br/j/rod/a/JhbrWbknXKmxTYcwB6ZBR6C/?format=pdf&lang=pt

Nenhum exemplar disponível.

BINAGRI

Telefone: (61)3218-2567/2388/3357/2097 - binagri@agro.gov.br

Ministério da Agricultura e Pecuária , Esplanada dos Ministérios, Bloco D, Anexo B, Brasília/DF, CEP: 70.043-900